Statistics for Regions of the world

Click here to take the quiz!

General Stats

  • This quiz has been taken 55 times
    (16 since last reset)
  • The average score is 103 of 248

Answers on the Map

Answers color-coded by a green-red scale on the quiz's map according to % correct below.
 

Answer Stats

Country% Correct
Western Europe
69%
Eastern Europe
62%
Northern America
62%
Caribbean
54%
Central Africa
54%
Central Europe
54%
Northern Africa
54%
Northern Europe
54%
Southern Africa
54%
Southern Europe
54%
Western Africa
54%
Eastern Africa
46%
Eastern Asia
46%
Northern Central America
38%
Northwestern Africa
38%
Southern Central America
38%
Eastern South America
31%
Northern Middle East
31%
Northern South America
31%
Southern Middle East
31%
Western South America
31%
Mainland Southeast Asia
23%
Near East
23%
Maritime Southeast Asia
15%
Northern Central Asia
15%
Northern Oceania
15%
South Atlantic
15%
Southern Central Asia
15%
Southern Oceania
15%
Western Oceania
15%

Score Distribution

Percentile by Number Answered

Percent of People with Each Score

Your Score History

You have not taken this quiz since the last reset